Normal view
MARC view
- Nigeria
Entry Geographic Name
001 - CONTROL NUMBER
- control field: 14781
003 - CONTROL NUMBER IDENTIFIER
- control field: OSt
005 - DATE AND TIME OF LATEST TRANSACTION
- control field: 20260128150714.0
008 - FIXED-LENGTH DATA ELEMENTS
- fixed length control field: 260128|| aca||aabn | a|a d
040 ## - CATALOGING SOURCE
- Original cataloging agency: OSt
- Transcribing agency: OSt
151 ## - HEADING--GEOGRAPHIC NAME
- Geographic name: Nigeria
- Form subdivision: Fiction
670 ## - SOURCE DATA FOUND
- Source citation: Work cat.: (OSt)5865: Achebe, Chinua. 5902, A man of the people;, [1966]